00736nam a2200193Ia 4500008004100000020001500041041001200056082001100068100001500079245003800094260003100132300000900163650001700172700001700189942000700206999001300213952015800226952015800384221030s9999 xx 000 0 und d a8188646997 aEnglish a105.23 aB. R. Puri 0aPrinciples of Inorganic Chemistry bMilestone PubaDelhic2006 a1115 aBB Chemistry aL. R. Sharma cBK c732d732 pBB 537g395.00l0o105.23 r2025-05-17 00:00:00w2022-10-30yBK003Print4070aMIETLIBbMIETLIBcBL-Second, FL-1, CUP-101, SH-4, R-4d2007-05-0910HBB pBB 538g395.00l0o105.23 r2025-05-17 00:00:00w2022-10-30yBK003Print4070aMIETLIBbMIETLIBcBL-Second, FL-1, CUP-101, SH-4, R-4d2007-05-0910HBB